Discourse and context: a sociocognitive approach
Uloženo v:
| Hlavní autor: | |
|---|---|
| Médium: | Kniha |
| Jazyk: | angličtina |
| Vydáno: |
Nueva York
Cambridge University
2008
|
| Vydání: | 1a. ed |
| Témata: | |
| Tagy: |
Přidat tag
Žádné tagy, Buďte první, kdo vytvoří štítek k tomuto záznamu!
|
MARC
| LEADER | 00000nam a2200000 a 4500 | ||
|---|---|---|---|
| 001 | UCH0212 | ||
| 003 | CL-VaPUC | ||
| 008 | 090123e20080000US |||||||||||||||||eng|d | ||
| 020 | |a 9780521895590 | ||
| 082 | 0 | 4 | |a 401.41 |b DIJ |2 21 |
| 100 | 0 | |a Dijk, Teun Adrianus van |e author |9 534380 | |
| 245 | 1 | 0 | |a Discourse and context: a sociocognitive approach |
| 250 | |a 1a. ed | ||
| 300 | |a 267 p | ||
| 942 | |c BK | ||
| 945 | |d 20090123 00:00:00 |a cmena | ||
| 260 | |a Nueva York |b Cambridge University |c 2008 | ||
| 650 | 0 | |a Análisis del discurso |9 256696 | |
| 650 | 0 | |a Aspectos sociales |9 254894 | |
| 650 | 0 | |a Lingüística |9 265068 | |
| 650 | 0 | |a Comunicación |9 257251 | |
| 583 | |a last modification |c 20190801 09:25:12 |k Rodrigo Vera | ||
| 999 | |c 332568 |d 332566 | ||
| 952 | |0 0 |1 0 |4 0 |6 401_410000000000000_DIJ_2008 |7 0 |8 A |9 420372 |a FDOPOS |b FDOPOS |d 2019-11-22 |i 4512499 |o 401.41 DIJ 2008 |p 4512499 |r 2025-01-22 |w 2019-11-22 |y BK |k DLA | ||
| 952 | |0 0 |1 0 |4 0 |6 401_410000000000000_DIJ_2008 |7 0 |8 A |9 420373 |a FDOPOS |b FDOPOS |d 2019-11-22 |i 4512502 |o 401.41 DIJ 2008 |p 4512502 |r 2025-01-22 |w 2019-11-22 |y BK |k DLA | ||
| 952 | |0 0 |1 0 |4 0 |6 401_410000000000000_DIJ_2008 |7 0 |8 A |9 420374 |a FDOPOS |b FDOPOS |d 2019-11-22 |i 4512510 |o 401.41 DIJ 2008 |p 4512510 |r 2025-01-22 |w 2019-11-22 |y BK |k DLA | ||